00744nam a2200229 a 450000100060000000300080000600500170001400800410003103500190007204000350009104100080012608200260013410000370016024500350019726000320023230000210026465000390028565100190032494200120034399900170035595201420037263354BD-RjUL20211209081204.0170129s1944 enk 000 0 eng d a(BD-RjUL)63483 aBD-RjULcBD-RjULdBD-RjULbeng aeng 223a823.912bBRF 19441 aBridge, Ann,d1889-1974.918853410aFrontier passage /cAnn Bridge aLondon :bBook Club, c1944 a242 p. ;c17 cm. aPolitical fiction, English9188535 aSpain.9188536 2ddccBK c63354d63354 00102ddc40718FICaRUCLbRUCLcReadingd1990-07-29eShawkat osmang0.00l0o823.912 BRF 1944r2017-01-29 00:00:00tC-1w2017-01-29yBK